Report Writing in Busiess (Record no. 346840)
[ view plain ]
| 000 -LEADER | |
|---|---|
| fixed length control field | 00282 a2200097 4500 |
| 090 ## - LOCALLY ASSIGNED LC-TYPE CALL NUMBER (OCLC); LOCAL CALL NUMBER (RLIN) | |
| -- | 4395 |
| -- | 4395 |
| 100 ## - MAIN ENTRY--PERSONAL NAME | |
| Personal name | T.J.Bentley |
| 245 ## - TITLE STATEMENT | |
| Title | Report Writing in Busiess |
| Remainder of title | The Effective Communication of Information |
| 260 ## - PUBLICATION, DISTRIBUTION, ETC. | |
| Place of publication, distribution, etc. | Viva Books |
| Name of publisher, distributor, etc. | New Delhi |
| Date of publication, distribution, etc. | 2004 |
| 942 ## - ADDED ENTRY ELEMENTS (KOHA) | |
| Institution code [OBSOLETE] | NBS |
| Koha item type | Book |
| Call number prefix | 808.066651 BEN |
| Withdrawn status | Lost status | Damaged status | Not for loan | Permanent Location | Current Location | Date acquired | Total Checkouts | Full call number | Barcode | Date last seen | Price effective from | Koha item type | Date last checked out |
|---|---|---|---|---|---|---|---|---|---|---|---|---|---|
| Central Library (CL) | Central Library (CL) | 08/28/2013 | 808.066651 BEN | NBS5427 | 07/10/2019 | 08/28/2013 | Book | ||||||
| Central Library (CL) | Central Library (CL) | 08/28/2013 | 2 | 808.066651 BEN | NBS5425 | 07/22/2022 | 08/28/2013 | Book | 07/20/2022 |
